Normal view
MARC view
- McAllister, Peter,
Entry Personal Name
001 - CONTROL NUMBER
- control field: 10945
003 - CONTROL NUMBER IDENTIFIER
- control field: NUST
005 - DATE AND TIME OF LATEST TRANSACTION
- control field: 20180605042654.0
008 - FIXED-LENGTH DATA ELEMENTS
- fixed length control field: 180605|| aca||aabn | a|a d
040 ## - CATALOGING SOURCE
- Original cataloging agency: NUST
- Transcribing agency: NUST
100 ## - HEADING--PERSONAL NAME
- Personal name: McAllister, Peter,
- Dates associated with a name: 1965-
670 ## - SOURCE DATA FOUND
- Source citation: Work cat.: (NUST)233668: McAllister, Peter, 1965-, Cosmonaut [letter "N" reversed] /, 2001.
